World Capitals Closest to Vienna - One Minute Sprint - Statistics

General Stats
  • This quiz has been taken 43 times
  • The average score is 15 of 20
Answer Stats
km Capital miles % Correct
524 Berlin 326
100%
215 Budapest 133
97%
56 Bratislava 35
95%
684 Berne 425
92%
251 Prague 156
92%
766 Rome 476
86%
527 Vaduz 327
84%
268 Zagreb 167
81%
490 Belgrade 305
78%
557 Warsaw 346
78%
278 Ljubljana 173
76%
564 San Marino 350
73%
509 Sarajevo 316
73%
722 Pristina 429
59%
681 Podgorica 423
57%
820 Sofia 510
51%
813 Tirana 505
51%
797 Skopje 495
49%
766 Vatican City 476
43%
764 Luxembourg 475
38%
No matching quizzes found
Score Distribution
Percent of People with Each Score
Percentile by Number Answered
Your Score History
You have not taken this quiz